000 00926na a2200289 4500
001 14362
003 MIRAKIL
005 20181213154935.0
008 160923b tu 000 0
020 _a9753221185
035 _a14362
040 _aMilas
_btur
_cTR-AnCHP
082 _aATA 303.34
_bB29m 2005
090 _aATA 303.34 B29m 2005
100 _aBaykal, Adnan Nur
245 _aYöneticiler için yeni bir bakış
_bMustafa Kemal Atatürk'ün liderlik sırları
_cAdnan Nur Baykal
246 _aLiderlik sırları
246 _aMustafa Kemal Atatürk'ün liderlik sırları
250 _a18. bs.
260 _aİstanbul
_bSistem Yayıncılık
_c2005
300 _axvi, 266 s.
_c19 sm.
490 _aSistem Yayıncılık
_v200
504 _aKaynakça (s. 255-266 )var.
600 _aAtatürk, Mustafa Kemal
_d1881-1938
_xSiyasal ve sosyal görüşler
_yLiderlik
650 _aLiderlik
942 _2dcc
_cBKS
999 _c3557
_d3557